000 00629nam a2200229Ia 4500
001 7017
003 GE_BSU
008 181216s||||||||xx |||||||||||||| ||und||
040 _cGE_BSU
080 _a665.1/.3(075.32):66
100 _aБеззубов,Л.П.
245 _aХимия жиров.
245 _bУчебник.
245 _cРед.ЛС.Беликова.
250 _aИзд. второе, перераб. и дополненное.
260 _aМ.
260 _bПищепромиздат.
260 _c1962.
300 _a308стр.22см.с илл.
653 _aХимия жиров.
942 _cBK
999 _c40409
_d40409